000 00267nam a22001217a 4500
008 171226b xxu||||| |||| 00| 0 eng d
041 _aeng
080 _a61
100 _a3
101 _aSHM
245 _aMEDICAL DIAGNOSIS& TREATMENT
_cTIERNEY,L.M
942 _2udc
_cBK
999 _c39368
_d39368